000
00288nam a22001337a 4500
008
170316b xxu||||| |||| 00| 0 eng d
020
_a
9780781746779
041
_a
eng
080
_2
6 ED
_a
616.8
100
_a
7
101
_a
SHM
245
_a
HEURO ANATOMY
_c
HAINES.D.E
942
_2
udc
_c
BK
999
_c
8032
_d
8032